000 00531nam a22001577a 4500
999 _c2025
_d2025
003 SLTCLib
008 260610b ce ||||| |||| 00| 0 eng d
020 _a9786245726752
041 _aEnglish
080 _a621(548.7)
_bDIS
100 _aDissanayaka, Dhammika
_93574
245 _aA Century of Radio Broadcasting
_bChronological Milestones and Socio-Political -Cultural Dimensions in the Evolution of Radio in (Ceylon) Sri Lanka
260 _aSri Lanka
_bDepartment of Cultural Affairs
_c2025
300 _a386p.
942 _2ddc
_cMRE
945 _a3725
_bIshara wickramage
_c3725
_dIshara wickramage